Raw natural rubber- Determination of dirt (Record no. 74103)

MARC details
000 -LEADER
fixed length control field 00368nam a2200121Ia 4500
245 #0 - TITLE STATEMENT
Title Raw natural rubber- Determination of dirt
260 ## - PUBLICATION, DISTRIBUTION, ETC. (IMPRINT)
Place of publication Switzerland
260 ## - PUBLICATION, DISTRIBUTION, ETC. (IMPRINT)
Year of publication 1974
Name of publisher International Standards Organisation
500 ## - GENERAL NOTE
General note Standard number: ISO 249
650 ## - SUBJECT ADDED ENTRY--TOPICAL TERM
Topical Term Raw natural rubber- Dirt determination
942 ## - ADDED ENTRY ELEMENTS (KOHA)
Koha item type Standards
Holdings
Withdrawn status Lost status Damaged status Not for loan Home library Current library Date acquired Koha item type
      Standards RRII Library RRII Library 31/12/2021 Standards